• 首页
  • 本馆介绍
  • 公告通知
  • 最新文献
  • 馆藏检索
  • 电子资源
  • 读者导购
  • 参考咨询
  • 我的图书馆
  • 登录
  • 详细信息显示
  • 放入我的书架
  • 预约/预借图书
  • 作者相关作品
  • 分类相关作品
  • 丛书相关作品
  • 出版社相关作品

书目信息

  • 表格格式
  • 工作单格式
  • 卡片格式
题名:
延安使命
    
 
作者: 卡特 著 ;陈发兵 译
分册:  
出版信息: 北京   世界知识出版社  2004
页数: 16,317页
开本: 21cm
丛书名: 国际友人丛书
单 册:
中图分类: D829.712
科图分类:
主题词: 中美关系--史料--1944~1947
电子资源:
ISBN: 7-5012-2357-2
000 01706nam0 2200409 450
000 01669nam0 2200397 450
000 01600nam0 2200409 450
000 01546nam0 2200385 450
000 01597nam0 2200373 450
000 01560nam0 2200361 45
001 TS-097728
005 20070112110639.04
010    @a7-5012-2357-2@dCNY25.00
100    @a20060829d2004 em y0chiy0110 ea
101 1  @achi@ceng
102    @aCN@b110000
105    @aa z 000yd
200 1  @a延安使命@Ayan an shi ming@e1944~1947:美军观察组延安963天@f(美)卡萝尔·卡特(Carolle J.Carter)著@g陈发兵译
210    @a北京@c世界知识出版社@d2004
215    @a16,317页@c照片@d21cm
225 2  @a国际友人丛书
306    @a据Carolle J.Carter 1997版译出
330    @a本书评介了1944年至1947年“迪克西使团”的缘起、组建、人员、工作及其影响。披露了十大历史内幕,包括“美军观察组在延安工作生活的内幕”、“毛泽东、周恩来重庆谈判的内幕”、“国共合作与分裂、美国从中起作用的内幕”等。
410  0 @1001012000013294@12001 @a国际友人丛书
510 1  @aMission to Yenan@eAmerican Liaison with the Chinese Communists 1944~1947@zeng
517 1  @a1944~1947:美军观察组延安963天@A1944~1947:mei jun guan cha zu yan an 963 tian
606 0  @a中美关系@x史料@z1944~1947
607    @a陕甘宁抗日根据地
607    @a陕甘宁抗日根据地@z1944~1947@j史料
690    @aD829.712@v4
701  0 @c(美)@a卡特@Aka te@c(女,Carter, Carolle J.)@4著
702  0 @a陈发兵@Achen fa bing@4译
801  0 @aCN@b中图数据@c20070112
905    @a10447@dD829.712@e107
    
    延安使命:1944~1947:美军观察组延安963天/(美)卡萝尔·卡特(Carolle J.Carter)著/陈发兵译.-北京:世界知识出版社,2004
    16,317页:照片;21cm.-(国际友人丛书)
    
    
    ISBN 7-5012-2357-2:CNY25.00
    本书评介了1944年至1947年“迪克西使团”的缘起、组建、人员、工作及其影响。披露了十大历史内幕,包括“美军观察组在延安工作生活的内幕”、“毛泽东、周恩来重庆谈判的内幕”、“国共合作与分裂、美国从中起作用的内幕”等。
●
相关链接 在E读中查询图书 在五车中查询图书 在当当中查询图书 在豆瓣中查询图书


正题名:延安使命     索取号:D829.712/107         预约/预借

序号 登录号 条形码 馆藏地/架位号 状态 备注
1 0601087   206010877   第一样本阅览室/ [索取号:D829.712/107] 在馆    
2 0601088   206010886   第一借阅区/ [索取号:D829.712/107] 在馆    
3 0601089   206010895   第一借阅区/ [索取号:D829.712/107] 在馆    
4 0601090   206010902   密集书库/ [索取号:D829.712/107] 在馆    
5 0601091   206010911   密集书库/ [索取号:D829.712/107] 在馆    
6 0601092   206010920   第一借阅区/ [索取号:D829.712/107] 在馆    
7 0601093   206010939   第一借阅区/ [索取号:D829.712/107] 在馆    
8 0601094   206010948   第一借阅区/ [索取号:D829.712/107] 在馆    
唐山师范学院图书馆 欢迎您!
大连网信软件有限公司© 版权所有